Space Jam: A New Legacy (2021) Characters - Statistics

General Stats
  • This quiz has been taken 75 times
  • The average score is 8 of 30
Answer Stats
Hint Answer % Correct
LeBron James LeBron James
94%
Jeff Bergman Bugs Bunny/ Fred Flintstone/ Yogi Bear/ Sylvester/ Yosemite Sam
64%
Zendaya Lola Bunny
62%
Michael B. Jordan Michael B. Jordan
62%
Eric Bauza Daffy Duck / Porky Pig / Foghorn Leghorn / Elmer Fudd / Marvin the Martian
53%
Anthony Davis Anthony Davis
45%
Damian Lillard Damian Lillard
43%
Draymond Green Draymond Green
43%
Klay Thompson Klay Thompson
43%
Don Cheadle Al G. Rhythm
38%
Candi Milo Granny
26%
Sue Bird Sue Bird
25%
Fred Tatascoire Taz
23%
Bob Bergen Tweety Bird
21%
Cedric Joe Dom James
19%
Nneka Ogwumike Nneka Ogwumike
19%
Diana Taurasi Diana Taurasi
11%
Khris Davis Malik
11%
Gabriel Iglesias Speedy Gonzalez
9%
Justin Roiland Rick/ Morty
8%
Rosario Dawson Wonder Woman/ Diana Prince
8%
Wood Harris Coach C
6%
Ceyair J Wright Darius James
6%
Sonequa Martin-Green Kamiyah James
6%
Harper Leigh Alexander Xosha James
6%
Xosha Roquemore Shanice James
2%
Kenny Apel Albus Dumbledore
0%
Michael Cox Droog
0%
Mike Strong Jim West
0%
Randy Jay Burrell The Mask
0%
No matching quizzes found
Score Distribution
Percent of People with Each Score
Percentile by Number Answered
Your Score History
You have not taken this quiz